000 00275nam a22001217a 4500
008 230620b xxu||||| |||| 00| 0 eng d
082 _a316.76
_bKNB
100 _cKNB
245 _aStatistical Abstract 2004
260 _aKenya
_bKNBS
_c1978
300 _a319p
942 _2ddc
_cBK
999 _c1473
_d1473